LEADER 00975nac# 22001811i 450 001 UON00175547 005 20231205103111.379 100 $a20030730f |0itac50 ba 102 $aIT 105 $a|||| ||||| 110 $ab|||||||||| 200 1 $aEnciclopedia$fCollana diretta da Paolo Cendon 463 1$1001UON00219023$12001 $aˆIl ‰ nuovo diritto societario e dell'intermediazione finanziaria$eGuida al Testo Unico della finanza e ai provvedimenti attuativi$fa cura di Carmine Di Noia$gRanieri Razzante$gcontributi di G. Napoletano, L. Lacaita, M. Parrella, [et alii]$1210 $aPadova$cCEDAM$d1999. X$d657 p. ; 24 cm.$v25 463 1$1001UON00227479$12001 $aˆLa ‰responsabilità civile nell'appalto$eResponsabilità contrattuale ed extracontrattuale, concorso di colpa, garanzie$fGiuseppe Musolino$1210 $aPadova$cCedam$d2001$1215 $aXXIV, 378 p.$d24 cm.$v58 801 $aIT$bSOL$c20240220$gRICA 912 $aUON00175547 996 $aEnciclopedia$966831 997 $aUNIOR LEADER 01402nas 2200421-- 450 001 9910892982803321 005 20260218112415.0 035 $a(CKB)991042725195574 035 $a(CONSER)---74647720- 035 $a(DE-599)ZDB2667664-3 035 $a(DE-599)2667664-3 035 $a(EXLCZ)99991042725195574 100 $a20750114b19732009 --- a 101 0 $aeng 181 $ctxt$2rdacontent 182 $cc$2rdamedia 200 10$aNewsletter - Study Group on Eighteenth-Century Russia 210 $aNorwich, Eng 215 $a1 online resource 311 08$aPrint version: Newsletter - Study Group on Eighteenth-Century Russia. 0306-8455 (DLC) 74647720 (OCoLC)1796073 517 3 $aStudy Group on Eighteenth-Century Russia newsletter 531 0 $aNewsl. - Study Group Eighteenth Century Russ. 606 $aCivilization$2fast$3(OCoLC)fst00862898 606 $aIntellectual life$2fast$3(OCoLC)fst00975769 607 $aRussia$xHistory$y1689-1801$vPeriodicals 607 $aRussia$xCivilization$vPeriodicals 607 $aRussia$xIntellectual life$vPeriodicals 607 $aRussia$2fast 608 $aHistory.$2fast 608 $aPeriodicals.$2fast 615 7$aCivilization. 615 7$aIntellectual life. 676 $a947/.005 906 $aJOURNAL 912 $a9910892982803321 920 $aexl_impl conversion 996 $aNewsletter$9976803 997 $aUNINA